| 000 | 00603nam a2200205Ia 4500 | ||
|---|---|---|---|
| 005 | 20230215101346.0 | ||
| 008 | 131103s9999 xx 000 0 und d | ||
| 020 | _a0-7475-1956-0 | ||
| 040 | _aLoreto College | ||
| 041 | _aEnglish | ||
| 082 |
_a820.9 _bWYN |
||
| 245 | 4 |
_aThe Renaissance _b A guide to English Renaissance Literature : 1500-1660 _cEdited by Marion Wynne Davies |
|
| 260 |
_aLondon _bBloomsbury _c1992 |
||
| 300 | _ax,127p | ||
| 650 | _aRenaissance | ||
| 651 | _aEnglish literature - History and criticism | ||
| 700 | _aDavis Wynne Marion ed. | ||
| 850 | _aLCLIB | ||
| 942 | _cBK | ||
| 999 |
_c20996 _d71475 |
||